[Event "BSF Lang Weekend EMT "]
[Site "Copenhagen"]
[Date "2016.02.15"]
[Round "6"]
[White "Liu, Casper Yukun"]
[Black "Ohayv, Nikolaj"]
[Result "0-1"]
[WhiteElo "1519"]
[BlackElo "1899"]
[PlyCount "64"]
[EventDate "2016.02.12"]
[EventType "swiss"]
[EventRounds "7"]
[EventCountry "DEN"]

1. e4 e5 2. Nf3 Nc6 3. Bc4 Bc5 4. O-O d6 5. h3 Nf6 6. d3 Na5 7. Bb3 Nxb3 8.
axb3 O-O 9. Bg5 h6 10. Bh4 g5 11. Bg3 Nh5 12. Bh2 Ng7 13. Nc3 a6 14. d4 exd4
15. Nxd4 f5 16. exf5 Qf6 17. Nf3 Qxf5 18. Qd5+ Rf7 19. Qxf5 Bxf5 20. Rfc1 Bxh3
21. Ne4 Bg4 22. Nxc5 Bxf3 23. Nd3 Be4 24. Nb4 Raf8 25. f3 Bg6 26. c3 Nh5 27.
Nd5 Nf6 28. Ne3 Re7 29. Kf2 g4 30. Re1 Ne4+ 31. Kg1 gxf3 32. gxf3 Nd2 0-1

[Event "BSF Lang Weekend EMT "]
[Site "Copenhagen"]
[Date "2016.02.15"]
[Round "6"]
[White "Kokholm, Daniel"]
[Black "Jorgensen, Olav Erstad"]
[Result "1-0"]
[WhiteElo "1891"]
[BlackElo "1423"]
[PlyCount "55"]
[EventDate "2016.02.12"]
[EventType "swiss"]
[EventRounds "7"]
[EventCountry "DEN"]

1. d4 Nf6 2. Nc3 d5 3. e4 dxe4 4. f3 Bf5 5. g4 Bg6 6. h4 exf3 7. Qxf3 Qxd4 8.
Be3 Qe5 9. Qxb7 Qxe3+ 10. Nge2 e6 11. Qxa8 Qb6 12. O-O-O Nxg4 13. Na4 Qb5 14.
Nec3 Qb4 15. Bb5+ Ke7 16. Qxb8 Kf6 17. Qd8+ Qe7 18. Qd4+ Ne5 19. Rdf1+ Bf5 20.
Ne4+ Kg6 21. Qxe5 f6 22. Rhg1+ Kf7 23. Rxf5 exf5 24. Bc4+ Ke8 25. Qxf5 Qb4 26.
Qe6+ Be7 27. Rd1 Rf8 28. Qc8+ 1-0

[Event "BSF Lang Weekend EMT "]
[Site "Copenhagen"]
[Date "2016.02.15"]
[Round "6"]
[White "Mouritsen, Jan"]
[Black "Jorgensen, Mikkel"]
[Result "0-1"]
[WhiteElo "1802"]
[BlackElo "1871"]
[PlyCount "76"]
[EventDate "2016.02.12"]
[EventType "swiss"]
[EventRounds "7"]
[EventCountry "DEN"]

1. d4 Nf6 2. Nf3 d6 3. c4 g6 4. Nc3 Bg7 5. Bg5 O-O 6. e3 Nbd7 7. Be2 c5 8. O-O
h6 9. Bh4 g5 10. Bg3 Nh5 11. d5 Nxg3 12. hxg3 Nf6 13. Qc2 a6 14. Rad1 Rb8 15.
e4 Nd7 16. Bd3 Ne5 17. Nxe5 Bxe5 18. Qe2 Qd7 19. Qh5 Kg7 20. Be2 Rh8 21. f4
Bd4+ 22. Kh2 f6 23. Rd3 Qe8 24. Nd1 Qxh5+ 25. Bxh5 b5 26. cxb5 axb5 27. Ra3 c4
28. Be2 Bd7 29. g4 gxf4 30. g3 fxg3+ 31. Kxg3 Be5+ 32. Kg2 Kf7 33. Ra7 Bc8 34.
a4 Bd4 35. Ra5 Bd7 36. axb5 h5 37. gxh5 Rbg8+ 38. Kh1 Bg4 0-1

[Event "BSF Lang Weekend EMT "]
[Site "Copenhagen"]
[Date "2016.02.15"]
[Round "6"]
[White "Moller, Arne"]
[Black "Madsen, Michael Ole"]
[Result "1/2-1/2"]
[WhiteElo "1853"]
[BlackElo "2071"]
[PlyCount "45"]
[EventDate "2016.02.12"]
[EventType "swiss"]
[EventRounds "7"]
[EventCountry "DEN"]

1. e4 c6 2. d4 d5 3. Nc3 dxe4 4. Nxe4 Bf5 5. Ng3 Bg6 6. Nf3 Nd7 7. Bd3 Bxd3 8.
Qxd3 Ngf6 9. O-O Qc7 10. Re1 e6 11. a3 Be7 12. c4 O-O 13. Nf5 Bd8 14. Ne3 Re8
15. Bd2 Be7 16. Bc3 Rad8 17. Qc2 Bd6 18. Nf1 e5 19. dxe5 Nxe5 20. Nxe5 Bxe5 21.
Bxe5 Rxe5 22. Rxe5 Qxe5 23. Ne3 1/2-1/2

[Event "BSF Lang Weekend EMT "]
[Site "Copenhagen"]
[Date "2016.02.15"]
[Round "6"]
[White "Kistrup, Nicolai"]
[Black "Kristensen, Lars Ostergaard"]
[Result "1/2-1/2"]
[WhiteElo "2058"]
[BlackElo "1682"]
[PlyCount "38"]
[EventDate "2016.02.12"]
[EventType "swiss"]
[EventRounds "7"]
[EventCountry "DEN"]

1. d4 d5 2. Nf3 e6 3. c4 c6 4. Nc3 Nf6 5. e3 Nbd7 6. Bd3 dxc4 7. Bxc4 b5 8. Bd3
Bb7 9. e4 c5 10. e5 cxd4 11. Nxb5 Bxf3 12. gxf3 Bb4+ 13. Ke2 Nxe5 14. Qa4 Nxd3
15. Kxd3 O-O 16. Qxb4 Rb8 17. Rg1 a6 18. Bh6 Nh5 19. Qxd4 e5 1/2-1/2

[Event "BSF Lang Weekend EMT "]
[Site "Copenhagen"]
[Date "2016.02.15"]
[Round "6"]
[White "Pedersen, Bo V"]
[Black "Eiholt, Bjarne"]
[Result "0-1"]
[WhiteElo "1549"]
[BlackElo "1612"]
[PlyCount "66"]
[EventDate "2016.02.12"]
[EventType "swiss"]
[EventRounds "7"]
[EventCountry "DEN"]

1. d4 d5 2. c4 e6 3. Nc3 c6 4. Nf3 Be7 5. Bf4 Nf6 6. h3 O-O 7. e3 Nbd7 8. Bd3
b6 9. O-O Bb7 10. a3 c5 11. dxc5 Nxc5 12. cxd5 Nxd5 13. Nxd5 Bxd5 14. Bc2 Ne4
15. Qe2 Qc8 16. Rac1 Qb7 17. Ne1 Rac8 18. f3 Nf6 19. Be5 Bc4 20. Nd3 Rfd8 21.
b3 Bb5 22. Rfd1 Bxa3 23. Ra1 Be7 24. Ra2 Nd5 25. Qe1 Bg5 26. f4 Be7 27. Qg3 f6
28. Bd4 Nc3 29. Bxc3 Rxc3 30. Nb4 Rxd1+ 31. Bxd1 Bxb4 32. Rd2 Rd3 33. Bf3 Qd7
0-1

[Event "BSF Lang Weekend EMT "]
[Site "Copenhagen"]
[Date "2016.02.15"]
[Round "6"]
[White "van den Brink, Nienke"]
[Black "Henriksen, Christian Steen"]
[Result "1/2-1/2"]
[WhiteElo "1688"]
[BlackElo "1840"]
[PlyCount "82"]
[EventDate "2016.02.12"]
[EventType "swiss"]
[EventRounds "7"]
[EventCountry "DEN"]

1. d4 Nf6 2. e3 e6 3. Bd3 b6 4. f4 Bb7 5. Nf3 c5 6. Nbd2 Be7 7. c3 d6 8. O-O
Nc6 9. e4 cxd4 10. cxd4 Rc8 11. Qa4 O-O 12. b4 Rc7 13. Bb2 Qd7 14. Rac1 Rfc8
15. a3 Nxd4 16. b5 Nxf3+ 17. Nxf3 Ba8 18. Nd4 Nxe4 19. Nc6 Nc5 20. Nxe7+ Qxe7
21. Qd4 f6 22. Bc2 Bd5 23. Rcd1 Nb3 24. Bxb3 Bxb3 25. Rd2 Bc4 26. Rfd1 Bd5 27.
f5 Bc4 28. fxe6 Qxe6 29. Qxd6 Qxd6 30. Rxd6 Bxb5 31. R1d2 Rc2 32. R6d5 Rxd2 33.
Rxd2 Rc7 34. Kf2 Kf7 35. g3 Ke6 36. Ke3 Rd7 37. Rxd7 Bxd7 38. Ke4 Bc6+ 39. Kf4
Bd5 40. Bc3 Bb3 41. h4 Bd1 1/2-1/2

[Event "BSF Lang Weekend EMT "]
[Site "Copenhagen"]
[Date "2016.02.15"]
[Round "7"]
[White "Nilssen, John Arni"]
[Black "Thorsbro, Peter"]
[Result "1-0"]
[WhiteElo "2285"]
[BlackElo "2220"]
[PlyCount "159"]
[EventDate "2016.02.12"]
[EventType "swiss"]
[EventRounds "7"]
[EventCountry "DEN"]

1. d4 d5 2. c4 c6 3. Nc3 Nf6 4. e3 Bf5 5. Nf3 Nbd7 6. cxd5 cxd5 7. Qb3 Nb6 8.
Ne5 a6 9. Bd2 Rb8 10. Ne2 Nbd7 11. Ng3 e6 12. Nxd7 Nxd7 13. Nxf5 exf5 14. Qxd5
Qf6 15. Bd3 g6 16. O-O Bd6 17. Qf3 O-O 18. Rfe1 Rfd8 19. Bc3 Bf8 20. Rad1 b5
21. a3 b4 22. axb4 Bxb4 23. Ra1 a5 24. Bxb4 Rxb4 25. Rxa5 Rxb2 26. Ra6 Qe7 27.
Ra8 Kg7 28. Rxd8 Qxd8 29. Qd5 Qc7 30. h3 f4 31. Qf3 Rd2 32. Rd1 fxe3 33. fxe3
Qc3 34. Rxd2 Qxd2 35. Qe2 Qc1+ 36. Kf2 Nf6 37. Qc2 Qa3 38. Be2 Nd5 39. Qd2 h5
40. Bf3 Ne7 41. e4 f6 42. h4 Qd6 43. Qc3 Qh2 44. d5 Qxh4+ 45. Ke2 Qf4 46. Qb4
Qe5 47. d6 Nf5 48. d7 Nd4+ 49. Kf2 Nc6 50. Qb6 Nd8 51. Qxd8 Qd4+ 52. Kf1 Qc4+
53. Kg1 Qd4+ 54. Kf1 Qc4+ 55. Be2 Qc1+ 56. Kf2 Qf4+ 57. Kg1 Qe3+ 58. Kh1 Qc1+
59. Kh2 Qf4+ 60. Kg1 Qe3+ 61. Kf1 Qc1+ 62. Kf2 Qf4+ 63. Ke1 Qc1+ 64. Bd1 Qe3+
65. Kf1 Qf4+ 66. Ke2 Qxe4+ 67. Kd2 Qd4+ 68. Kc2 Qc4+ 69. Kb2 Qd4+ 70. Ka3 Qa1+
71. Kb4 Qd4+ 72. Kb5 Qd5+ 73. Kb6 Qd6+ 74. Ka7 Qd4+ 75. Kb8 Qb4+ 76. Kc8 Qc4+
77. Qc7 Qa6+ 78. Qb7 Qc4+ 79. Kb8 Qf4+ 80. Ka8 1-0

[Event "BSF Lang Weekend EMT "]
[Site "Copenhagen"]
[Date "2016.02.15"]
[Round "7"]
[White "Pedersen, Henrik Dahl"]
[Black "Nielsen, Klaus"]
[Result "0-1"]
[WhiteElo "2227"]
[BlackElo "2097"]
[PlyCount "66"]
[EventDate "2016.02.12"]
[EventType "swiss"]
[EventRounds "7"]
[EventCountry "DEN"]

1. d4 d5 2. c4 e6 3. Nc3 c5 4. cxd5 cxd4 5. Qxd4 Nc6 6. Qd1 exd5 7. e3 Nf6 8.
Nf3 Bd6 9. Be2 O-O 10. O-O a6 11. b3 Re8 12. Bb2 h6 13. Rc1 Be6 14. Qd3 Qd7 15.
Rfd1 Bf5 16. Qd2 Rad8 17. Qe1 Bb8 18. Na4 Qd6 19. Nc5 Bc8 20. b4 Ng4 21. g3 Qg6
22. Nb3 Qe4 23. Nbd4 Nce5 24. Qc3 f6 25. Qc2 Nxf2 26. Kxf2 Ng4+ 27. Ke1 Qxe3
28. Qb3 Qf2+ 29. Kd2 Ne3 30. Rf1 Nxf1+ 31. Rxf1 Rxe2+ 32. Nxe2 Qxf1 33. Qd3 Bg4
0-1

[Event "BSF Lang Weekend EMT "]
[Site "Copenhagen"]
[Date "2016.02.15"]
[Round "7"]
[White "Akdag, Dara Sevkan"]
[Black "Pedersen, Hans Dahl"]
[Result "1-0"]
[WhiteElo "2182"]
[BlackElo "2190"]
[PlyCount "83"]
[EventDate "2016.02.12"]
[EventType "swiss"]
[EventRounds "7"]
[EventCountry "DEN"]

1. d4 d5 2. Nf3 Nf6 3. c4 c6 4. e3 a6 5. b3 g6 6. Bb2 Bg7 7. Be2 Bg4 8. Nbd2
Nbd7 9. h3 Bxf3 10. Bxf3 O-O 11. O-O Re8 12. Qc2 e5 13. dxe5 Nxe5 14. Be2 Qe7
15. Rad1 Rad8 16. Nf3 Ne4 17. cxd5 cxd5 18. Bd4 Nc6 19. Bxg7 Kxg7 20. Bxa6 d4
21. Bb5 dxe3 22. fxe3 Nd6 23. Bxc6 Qxe3+ 24. Kh1 bxc6 25. Rfe1 Qf4 26. Qc3+ Kg8
27. Rxe8+ Rxe8 28. Qxc6 Re6 29. Qc1 Qg3 30. Qg5 Qf2 31. Qh4 Qxh4 32. Nxh4 Ne4
33. Rc1 Ng5 34. Rc2 Re3 35. Kh2 Kg7 36. Rb2 Kh6 37. b4 Kh5 38. Nf3 Nxf3+ 39.
gxf3 Rxf3 40. b5 f5 41. b6 Kh4 42. b7 1-0

[Event "BSF Lang Weekend EMT "]
[Site "Copenhagen"]
[Date "2016.02.15"]
[Round "7"]
[White "Nielsen, Viktor"]
[Black "Dalsberg, Sandra de Blecourt"]
[Result "1-0"]
[WhiteElo "2189"]
[BlackElo "2111"]
[PlyCount "59"]
[EventDate "2016.02.12"]
[EventType "swiss"]
[EventRounds "7"]
[EventCountry "DEN"]

1. Nf3 d5 2. d4 Nf6 3. c4 c6 4. Nc3 dxc4 5. a4 Bf5 6. e3 e6 7. Bxc4 Bb4 8. O-O
Nbd7 9. Qe2 Ne4 10. Nxe4 Bxe4 11. Rd1 Qa5 12. Bd3 Bg6 13. e4 Qh5 14. Bf4 O-O
15. Qc2 Qg4 16. Bg3 Kh8 17. a5 f5 18. exf5 exf5 19. Ra4 Be7 20. d5 f4 21. Bxg6
hxg6 22. dxc6 Nc5 23. Ne5 Qg5 24. Nxg6+ Qxg6 25. Qxg6 Nxa4 26. Bh4 Bxh4 27.
Qh5+ Kg8 28. Qxh4 bxc6 29. Qe7 Rfe8 30. Qb4 1-0

[Event "BSF Lang Weekend EMT "]
[Site "Copenhagen"]
[Date "2016.02.15"]
[Round "7"]
[White "Laustsen, Lars"]
[Black "Moe, Mogens"]
[Result "0-1"]
[WhiteElo "2102"]
[BlackElo "2105"]
[PlyCount "48"]
[EventDate "2016.02.12"]
[EventType "swiss"]
[EventRounds "7"]
[EventCountry "DEN"]

1. d4 Nf6 2. c4 g6 3. Nf3 Bg7 4. Nc3 d5 5. Qb3 dxc4 6. Qxc4 O-O 7. e4 Nc6 8.
Be2 Bg4 9. d5 Bxf3 10. gxf3 Ne5 11. Qb4 c6 12. Bf4 Nh5 13. Bg5 f6 14. Be3 g5
15. O-O-O Qc7 16. d6 exd6 17. Qxd6 Qf7 18. Kb1 Rfe8 19. h4 h6 20. Qd2 b5 21.
hxg5 fxg5 22. Bxg5 hxg5 23. Qxg5 Nf4 24. Rdg1 Nxe2 0-1

[Event "BSF Lang Weekend EMT "]
[Site "Copenhagen"]
[Date "2016.02.15"]
[Round "7"]
[White "Frank Nielsen, Marie"]
[Black "Fredericia, Louise Winther"]
[Result "0-1"]
[WhiteElo "1968"]
[BlackElo "2093"]
[PlyCount "118"]
[EventDate "2016.02.12"]
[EventType "swiss"]
[EventRounds "7"]
[EventCountry "DEN"]

1. e4 c5 2. Nf3 g6 3. d4 cxd4 4. Nxd4 Bg7 5. Be2 Nf6 6. Nc3 O-O 7. Be3 Nc6 8.
O-O d5 9. exd5 Nb4 10. Nb3 Nfxd5 11. Nxd5 Nxd5 12. Bd4 Bxd4 13. Qxd4 e5 14. Qd2
Bf5 15. Rfe1 Nf4 16. Qxd8 Rfxd8 17. Bf3 Rac8 18. c3 Nd3 19. Re2 b6 20. g3 a5
21. Kg2 Re8 22. Bd5 a4 23. Nc1 Rc5 24. Bb7 a3 25. bxa3 Rxc3 26. Nxd3 Bxd3 27.
Rb2 Rb8 28. Bd5 Rxa3 29. Rc1 Rd8 30. Bb3 Rd7 31. h4 h5 32. f3 e4 33. Kf2 exf3
34. Kxf3 Ra5 35. Kg2 Be4+ 36. Kh2 Bf5 37. Re2 Kg7 38. Rc6 b5 39. Rc5 Ra8 40.
Rxb5 Bd3 41. Rbe5 Bxe2 42. Rxe2 Rad8 43. Kg1 Rd3 44. Rf2 R8d7 45. Ba4 Rc7 46.
Kh2 Rcc3 47. Be8 Rf3 48. Rg2 Rfe3 49. Bd7 Ra3 50. Bb5 Kf6 51. Bc4 Rac3 52. Bd5
Ke7 53. a4 Red3 54. Bb7 Ra3 55. Ba6 Rd1 56. Bb5 Kd6 57. Rf2 Raa1 58. Be2 Rd2
59. a5 Raa2 0-1

[Event "BSF Lang Weekend EMT "]
[Site "Copenhagen"]
[Date "2016.02.15"]
[Round "7"]
[White "Gustafsson, Magnus"]
[Black "Schou Moldt, Thomas"]
[Result "1/2-1/2"]
[WhiteElo "1950"]
[BlackElo "2216"]
[PlyCount "115"]
[EventDate "2016.02.12"]
[EventType "swiss"]
[EventRounds "7"]
[EventCountry "DEN"]

1. e4 g6 2. d4 Bg7 3. Nf3 d6 4. Nc3 Nf6 5. Bc4 O-O 6. O-O Nxe4 7. Nxe4 d5 8.
Bd3 dxe4 9. Bxe4 Nd7 10. c4 c5 11. dxc5 Nxc5 12. Bc2 Qxd1 13. Rxd1 Bg4 14. Be3
Bxf3 15. gxf3 Rac8 16. Rab1 b6 17. b4 Ne6 18. Bb3 Rfd8 19. c5 Nd4 20. cxb6 axb6
21. Kg2 Nxb3 22. Rxd8+ Rxd8 23. Rxb3 Bd4 24. Rd3 e5 25. Bxd4 exd4 26. f4 f5 27.
a4 Kf7 28. a5 b5 29. Kf3 Ke6 30. Rd1 Kd5 31. Rc1 Re8 32. Rc5+ Kd6 33. Rxb5 Re1
34. a6 d3 35. a7 Re8 36. Ra5 d2 37. Ra1 Kc6 38. Rd1 Ra8 39. Rxd2 Rxa7 40. Ke3
Kb5 41. f3 Kxb4 42. Rc2 Kb5 43. h4 Kb6 44. h5 gxh5 45. Kd4 Re7 46. Kd5 Re1 47.
Rh2 Kc7 48. Rxh5 Kd8 49. Rxh7 Re3 50. Rf7 Rxf3 51. Ke5 Ke8 52. Ra7 Rb3 53. Kxf5
Rb6 54. Kg5 Kf8 55. f5 Rc6 56. f6 Rc1 57. Ra5 Kf7 58. Ra7+ 1/2-1/2

[Event "BSF Lang Weekend EMT "]
[Site "Copenhagen"]
[Date "2016.02.15"]
[Round "7"]
[White "Vasli, Aref"]
[Black "Jacobsen, Mikkel Manosri"]
[Result "1/2-1/2"]
[WhiteElo "2169"]
[BlackElo "2188"]
[PlyCount "164"]
[EventDate "2016.02.12"]
[EventType "swiss"]
[EventRounds "7"]
[EventCountry "DEN"]

1. e4 c6 2. d4 d5 3. f3 dxe4 4. fxe4 e5 5. Nf3 Bg4 6. Bc4 Nd7 7. O-O Ngf6 8. c3
Bh5 9. Qe1 Qb6 10. Kh1 Bd6 11. Nbd2 O-O 12. Bd3 Qc7 13. Nc4 Rae8 14. Nxd6 Qxd6
15. Qg3 Bg6 16. Nd2 Qb8 17. b3 exd4 18. Qxb8 Rxb8 19. cxd4 Rfe8 20. Rf4 Rbd8
21. Ba3 Nf8 22. e5 Nh5 23. Rf3 Rxd4 24. Bxg6 Nxg6 25. Nc4 Red8 26. Raf1 b5 27.
e6 fxe6 28. Ne5 Rd1 29. Nxc6 R8d2 30. Nxa7 Nf6 31. Nxb5 Ne5 32. Nc3 Rxf1+ 33.
Rxf1 Nd3 34. Be7 Rc2 35. Ne4 Kf7 36. Bxf6 gxf6 37. Rxf6+ Ke7 38. h3 Re2 39. Rf3
Ne1 40. Nc3 Rc2 41. Rg3 Kf6 42. Ne4+ Ke5 43. Ng5 Kf4 44. Rg4+ Ke3 45. Kg1 Rxa2
46. Re4+ Kd2 47. Nxe6 Nc2 48. Nf4 Kc3 49. Ne2+ Kd2 50. Nd4 Kd3 51. Re7 Kxd4 52.
Rxh7 Ne3 53. Rg7 Ra1+ 54. Kf2 Rf1+ 55. Ke2 Rg1 56. Rd7+ Nd5 57. Kf2 Rb1 58. Rb7
Ke4 59. Kg3 Rb2 60. h4 Nf6 61. Rb4+ Ke3 62. Kh3 Ne4 63. h5 Ng5+ 64. Kh2 Nf3+
65. Kg3 Ne1 66. Kg4 Rxg2+ 67. Kf5 Nf3 68. Re4+ Kd3 69. Kf4 Nd2 70. Re3+ Kd4 71.
Rh3 Rf2+ 72. Kg5 Ne4+ 73. Kg6 Ke5 74. Kg7 Ng5 75. Re3+ Kf4 76. Re7 Kf5 77. h6
Ne6+ 78. Kg8 Rg2+ 79. Kf7 Rg6 80. h7 Ng5+ 81. Kf8 Rh6 82. Kg8 Rxh7 1/2-1/2

[Event "BSF Lang Weekend EMT "]
[Site "Copenhagen"]
[Date "2016.02.15"]
[Round "7"]
[White "Ohayv, Nikolaj"]
[Black "Griffith, Kyron"]
[Result "0-1"]
[WhiteElo "1899"]
[BlackElo "2315"]
[PlyCount "104"]
[EventDate "2016.02.12"]
[EventType "swiss"]
[EventRounds "7"]
[EventCountry "DEN"]

1. e4 c5 2. Nc3 Nc6 3. f4 g6 4. Nf3 Bg7 5. g3 e6 6. Bg2 Nge7 7. d3 d5 8. e5 O-O
9. O-O Rb8 10. g4 b5 11. Ne2 b4 12. Ng3 a5 13. h4 f6 14. exf6 Bxf6 15. g5 Bg7
16. h5 e5 17. hxg6 hxg6 18. f5 Nxf5 19. Nxf5 Bxf5 20. Nh4 Ne7 21. Qe2 Qd6 22.
Bd2 Bd7 23. Rae1 Nf5 24. Nxf5 Rxf5 25. Rxf5 Bxf5 26. Rf1 Re8 27. c3 e4 28. dxe4
Bxe4 29. Bf4 Qd7 30. cxb4 Bd4+ 31. Kh2 Bxg2 32. Qxg2 axb4 33. b3 Re4 34. Qf3
Qf5 35. Kg2 Be5 36. Bxe5 Rxe5 37. Qxf5 Rxf5 38. Rxf5 gxf5 39. Kf3 Kg7 40. Kf4
Kg6 41. Ke5 Kxg5 42. Kxd5 f4 43. Kxc5 f3 44. Kxb4 f2 45. a4 f1=Q 46. a5 Qa6 47.
Ka4 Kf5 48. b4 Qc4 49. Ka3 Ke5 50. Ka4 Kd5 51. Ka3 Kc6 52. Ka4 Qa2# 0-1

[Event "BSF Lang Weekend EMT "]
[Site "Copenhagen"]
[Date "2016.02.15"]
[Round "7"]
[White "Ostergaard, Jens"]
[Black "Kokholm, Daniel"]
[Result "1-0"]
[WhiteElo "2266"]
[BlackElo "1891"]
[PlyCount "69"]
[EventDate "2016.02.12"]
[EventType "swiss"]
[EventRounds "7"]
[EventCountry "DEN"]

1. d4 d6 2. Nf3 Nf6 3. c4 Nbd7 4. Nc3 e5 5. e4 c6 6. Be2 Be7 7. O-O O-O 8. Re1
Qc7 9. Bf1 b6 10. h3 Bb7 11. Bg5 Rfe8 12. Qd2 a6 13. Rac1 Rad8 14. Kh1 Qb8 15.
b4 Kh8 16. Rb1 Qa8 17. d5 cxd5 18. Nxd5 Bxd5 19. cxd5 Rc8 20. Bd3 Rc7 21. Qe2
Nb8 22. Be3 Nfd7 23. Ng5 Bxg5 24. Bxg5 f6 25. Be3 g6 26. Rbc1 Rec8 27. Qg4 Rxc1
28. Rxc1 Rxc1+ 29. Bxc1 Qb7 30. Qe6 Qc8 31. Be3 Qf8 32. a3 Kg7 33. Bxa6 Nxa6
34. Qxd7+ Kh8 35. Bxb6 1-0

[Event "BSF Lang Weekend EMT "]
[Site "Copenhagen"]
[Date "2016.02.15"]
[Round "7"]
[White "Jorgensen, Mikkel"]
[Black "Rostgaard, Tobias Valentin"]
[Result "0-1"]
[WhiteElo "1871"]
[BlackElo "2240"]
[PlyCount "83"]
[EventDate "2016.02.12"]
[EventType "swiss"]
[EventRounds "7"]
[EventCountry "DEN"]

1. e4 e5 2. Nf3 Nc6 3. Bc4 Bc5 4. O-O d6 5. c3 Nf6 6. Re1 O-O 7. d3 h6 8. h3 a6
9. b4 Ba7 10. Nbd2 Be6 11. Bb3 d5 12. Nf1 dxe4 13. dxe4 Qxd1 14. Bxd1 Rfd8 15.
Bc2 b5 16. Be3 a5 17. a4 axb4 18. axb5 b3 19. Bxb3 Bxb3 20. bxc6 Bxe3 21. Nxe3
Nxe4 22. Rxa8 Rxa8 23. Rb1 Ra3 24. Nxe5 Nxc3 25. Rb2 f6 26. N5c4 Bxc4 27. Nxc4
Ra6 28. Ne3 Rxc6 29. Rc2 Rc5 30. Nd1 Ne4 31. Rxc5 Nxc5 32. Nc3 Kf7 33. Kf1 Ke6
34. Ke2 Ke5 35. Ke3 Ne6 36. g3 g5 37. Ne2 h5 38. f3 c5 39. h4 Nd4 40. f4+ Ke6
41. fxg5 Nxe2 42. g6 0-1

[Event "BSF Lang Weekend EMT "]
[Site "Copenhagen"]
[Date "2016.02.15"]
[Round "7"]
[White "Nilssen, Ellen Fredericia"]
[Black "Nielsen, Thomas Bach"]
[Result "0-1"]
[WhiteElo "1799"]
[BlackElo "2134"]
[PlyCount "36"]
[EventDate "2016.02.12"]
[EventType "swiss"]
[EventRounds "7"]
[EventCountry "DEN"]

1. d4 f5 2. c4 Nf6 3. Nc3 g6 4. Nf3 Bg7 5. e3 O-O 6. Be2 d6 7. b3 e5 8. Bb2 e4
9. Nd2 c5 10. Qc2 cxd4 11. exd4 Nc6 12. Na4 Ng4 13. Bxg4 Nb4 14. Qc3 Nd3+ 15.
Kf1 Qh4 16. g3 Qxg4 17. Kg2 Nf4+ 18. Kg1 Ne2+ 0-1

[Event "BSF Lang Weekend EMT "]
[Site "Copenhagen"]
[Date "2016.02.15"]
[Round "7"]
[White "Andersen, Rune"]
[Black "Yssing, Klaus"]
[Result "1-0"]
[WhiteElo "2149"]
[BlackElo "2011"]
[PlyCount "77"]
[EventDate "2016.02.12"]
[EventType "swiss"]
[EventRounds "7"]
[EventCountry "DEN"]

1. d4 Nf6 2. c4 c5 3. d5 e6 4. Nc3 exd5 5. cxd5 d6 6. Nf3 g6 7. Nd2 Bg7 8. Nc4
O-O 9. Bf4 Ne8 10. Qd2 Na6 11. e3 Rb8 12. Nb5 Nac7 13. Nbxd6 Bd7 14. a4 Nf6 15.
e4 Nh5 16. Be3 b6 17. Be2 Ne8 18. O-O Nxd6 19. Nxd6 Nf6 20. Bf4 Qe7 21. e5 Ng4
22. e6 Ne5 23. Bxe5 Bxe5 24. Nc4 Bxh2+ 25. Kxh2 fxe6 26. Kg1 e5 27. Qe3 Rbe8
28. Nd2 Rf4 29. Bc4 Kh8 30. b3 Rh4 31. Ne4 h6 32. Rae1 Kh7 33. Re2 Qf8 34. Rfe1
Re7 35. f3 Rf4 36. Nf2 Bxa4 37. Nd3 Rd4 38. Nxe5 Be8 39. Nxg6 1-0

[Event "BSF Lang Weekend EMT "]
[Site "Copenhagen"]
[Date "2016.02.15"]
[Round "7"]
[White "Andersen, Daniel"]
[Black "Brondal, Paul"]
[Result "1/2-1/2"]
[WhiteElo "1906"]
[BlackElo "2100"]
[PlyCount "36"]
[EventDate "2016.02.12"]
[EventType "swiss"]
[EventRounds "7"]
[EventCountry "DEN"]

1. c4 c5 2. Nc3 Nc6 3. Nf3 Nf6 4. e3 g6 5. d4 cxd4 6. exd4 d6 7. d5 Nb8 8. Bd3
Bg7 9. O-O O-O 10. h3 Na6 11. Be3 Nc5 12. Bc2 a5 13. Rb1 b6 14. a3 Ba6 15. b4
axb4 16. axb4 Ncd7 17. Bd3 Qc7 18. b5 Bb7 1/2-1/2

[Event "BSF Lang Weekend EMT "]
[Site "Copenhagen"]
[Date "2016.02.15"]
[Round "7"]
[White "Nielsen, Morten Majlund"]
[Black "Karlsson, Ulf"]
[Result "1/2-1/2"]
[WhiteElo "1995"]
[BlackElo "2045"]
[PlyCount "87"]
[EventDate "2016.02.12"]
[EventType "swiss"]
[EventRounds "7"]
[EventCountry "DEN"]

1. e4 c5 2. Nf3 Nc6 3. d4 cxd4 4. Nxd4 e5 5. Nb5 d6 6. c4 Be7 7. Be2 f5 8. N5c3
a6 9. Na3 f4 10. Bg4 Nf6 11. Bxc8 Rxc8 12. Bd2 O-O 13. Qe2 Nd4 14. Qd3 Nd7 15.
b4 a5 16. Nd5 axb4 17. Bxb4 f3 18. g3 Nc5 19. Nxe7+ Qxe7 20. Bxc5 dxc5 21. Nc2
Qe6 22. Ne3 Qa6 23. h4 Rcd8 24. Nd5 Qa5+ 25. Qd2 Nc2+ 26. Kd1 Qxd2+ 27. Kxd2
Nxa1 28. Rxa1 Ra8 29. a4 Ra5 30. Ke3 Rf7 31. g4 Ra6 32. Kd3 Rg6 33. Rg1 Ra6 34.
Ra1 Kf8 35. Kc3 Ke8 36. Kb3 Kd8 37. Rd1 Rd6 38. Ra1 Kd7 39. Rg1 Rh6 40. Rh1 Ra6
41. Rd1 Rd6 42. Rg1 Kc6 43. Rb1 Kd7 44. Rg1 1/2-1/2

[Event "BSF Lang Weekend EMT "]
[Site "Copenhagen"]
[Date "2016.02.15"]
[Round "7"]
[White "Madsen, Michael Ole"]
[Black "Liu, Casper Yukun"]
[Result "1-0"]
[WhiteElo "2071"]
[BlackElo "1519"]
[PlyCount "41"]
[EventDate "2016.02.12"]
[EventType "swiss"]
[EventRounds "7"]
[EventCountry "DEN"]

1. d4 Nf6 2. c4 e5 3. dxe5 Ng4 4. Nf3 Bc5 5. e3 Nc6 6. Nc3 Ngxe5 7. a3 a5 8.
Na4 Ba7 9. Nxe5 Nxe5 10. b3 Qh4 11. c5 Qe7 12. b4 axb4 13. axb4 Qh4 14. Bd2 Qf6
15. Bc3 Bb8 16. f4 Rxa4 17. Rxa4 Nf3+ 18. gxf3 Qxc3+ 19. Qd2 Qxd2+ 20. Kxd2 O-O
21. Ra8 1-0

[Event "BSF Lang Weekend EMT "]
[Site "Copenhagen"]
[Date "2016.02.15"]
[Round "7"]
[White "Eiholt, Bjarne"]
[Black "Kistrup, Nicolai"]
[Result "0-1"]
[WhiteElo "1612"]
[BlackElo "2058"]
[PlyCount "72"]
[EventDate "2016.02.12"]
[EventType "swiss"]
[EventRounds "7"]
[EventCountry "DEN"]

1. d4 Nf6 2. c4 b6 3. Nc3 Bb7 4. Bg5 e6 5. f3 Be7 6. e3 O-O 7. Bd3 h6 8. Bh4 d5
9. cxd5 Nxd5 10. Bxe7 Qxe7 11. Nxd5 exd5 12. Qd2 Nd7 13. Ne2 c5 14. O-O Rfe8
15. Kf2 Qh4+ 16. Kg1 Qe7 17. Kf2 c4 18. Bf5 Nf6 19. Rae1 b5 20. Ng3 g6 21. Bb1
Kg7 22. Qc2 a5 23. Re2 b4 24. Rfe1 Qd6 25. e4 dxe4 26. Kf1 exf3 27. gxf3 Rxe2
28. Rxe2 Bxf3 29. Rf2 Bd5 30. Kg1 Re8 31. Rf1 Re3 32. Rf2 Rxg3+ 33. hxg3 Qxg3+
34. Kf1 Ng4 35. Re2 Ne3+ 36. Rxe3 Qxe3 0-1

[Event "BSF Lang Weekend EMT "]
[Site "Copenhagen"]
[Date "2016.02.15"]
[Round "7"]
[White "Kristensen, Lars Ostergaard"]
[Black "Moller, Arne"]
[Result "1/2-1/2"]
[WhiteElo "1682"]
[BlackElo "1853"]
[PlyCount "64"]
[EventDate "2016.02.12"]
[EventType "swiss"]
[EventRounds "7"]
[EventCountry "DEN"]

1. d4 Nf6 2. c4 e6 3. Nc3 Bb4 4. e3 O-O 5. Nge2 b6 6. a3 Bxc3+ 7. Nxc3 Bb7 8.
f3 d5 9. cxd5 exd5 10. Qc2 c5 11. dxc5 bxc5 12. Ne2 Nbd7 13. Ng3 Rc8 14. Bd3 c4
15. Bf5 Rc7 16. O-O g6 17. Bxd7 Qxd7 18. Bd2 d4 19. exd4 Qxd4+ 20. Kh1 Qd3 21.
Rac1 Rfc8 22. Rfd1 Qxc2 23. Rxc2 Rd7 24. Kg1 Rcd8 25. Nf1 Bc6 26. Rdc1 Bb5 27.
Bg5 Kg7 28. Bxf6+ Kxf6 29. Ne3 Rd2 30. Nxc4 Bxc4 31. Rxc4 Rxb2 32. R4c2 Rxc2
1/2-1/2